Scope and definition. (Record no. 130271)
[ view plain ]
| 000 -LEADER | |
|---|---|
| fixed length control field | 01222cam a2200325 a 4500 |
| 001 - CONTROL NUMBER | |
| control field | 250631 |
| 003 - CONTROL NUMBER IDENTIFIER | |
| control field | ARRUPE |
| 005 - DATE AND TIME OF LATEST TRANSACTION | |
| control field | 20200203101937.0 |
| 008 - FIXED-LENGTH DATA ELEMENTS--GENERAL INFORMATION | |
| fixed length control field | 990709s1999 nyu b i000 0 eng d |
| 010 ## - LIBRARY OF CONGRESS CONTROL NUMBER | |
| LC control number | 99225252 |
| 020 ## - INTERNATIONAL STANDARD BOOK NUMBER | |
| International Standard Book Number | 9211124484 |
| 035 ## - SYSTEM CONTROL NUMBER | |
| System control number | (OCoLC)41226552 |
| 040 ## - CATALOGING SOURCE | |
| Original cataloging agency | UIU |
| Transcribing agency | UIU |
| Modifying agency | KLG |
| -- | DLC |
| 042 ## - AUTHENTICATION CODE | |
| Authentication code | lccopycat |
| 050 00 - LIBRARY OF CONGRESS CALL NUMBER | |
| Classification number | K3830 |
| Item number | .S39 1999 |
| 082 00 - DEWEY DECIMAL CLASSIFICATION NUMBER | |
| Classification number | 341.7/52 |
| Edition number | 21 |
| 300 ## - PHYSICAL DESCRIPTION | |
| Dimensions | 22 cm. |
| 245 00 - TITLE STATEMENT | |
| Title | Scope and definition. |
| Statement of responsibility, etc | UNCTAD |
| 260 ## - PUBLICATION, DISTRIBUTION, ETC. (IMPRINT) | |
| Place of publication, distribution, etc | New York : |
| Name of publisher, distributor, etc | United Nations, |
| Date of publication, distribution, etc | 1999. |
| 300 ## - PHYSICAL DESCRIPTION | |
| Extent | ix, 80 p. ; |
| 440 #0 - SERIES STATEMENT/ADDED ENTRY--TITLE | |
| Title | UNCTAD series on issues in international investment agreements |
| 9 (RLIN) | 48325 |
| 500 ## - GENERAL NOTE | |
| General note | At head of title: United Nations Conference on Trade and Development. |
| 500 ## - GENERAL NOTE | |
| General note | "UNCTAD/ITE/IIT/11 (Vol. II)." |
| 500 ## - GENERAL NOTE | |
| General note | "United Nations publication sales no. E.99.II.D.9"--T.p. verso. |
| 504 ## - BIBLIOGRAPHY, ETC. NOTE | |
| Bibliography, etc | Includes bibliographical references (p. [69]-72). |
| 650 #0 - SUBJECT ADDED ENTRY--TOPICAL TERM | |
| Topical term or geographic name as entry element | Investments, Foreign |
| General subdivision | Law and legislation. |
| 9 (RLIN) | 49293 |
| 710 2# - ADDED ENTRY--CORPORATE NAME | |
| Corporate name or jurisdiction name as entry element | United Nations Conference on Trade and Development. |
| 9 (RLIN) | 26489 |
| 906 ## - LOCAL DATA ELEMENT F, LDF (RLIN) | |
| a | 7 |
| b | cbc |
| c | copycat |
| d | 3 |
| e | ncip |
| f | 19 |
| g | y-gencatlg |
| 942 ## - ADDED ENTRY ELEMENTS (KOHA) | |
| Source of classification or shelving scheme | Library of Congress Classification |
| Koha item type | Monograph ( Printed materials) |
| Withdrawn status | Lost status | Source of classification or shelving scheme | Damaged status | Not for loan | Collection code | Home library | Current library | Shelving location | Date acquired | Total Checkouts | Full call number | Barcode | Date last seen | Price effective from | Koha item type |
|---|---|---|---|---|---|---|---|---|---|---|---|---|---|---|---|
| Library of Congress Classification | Main Collection | ARRUPE LIBRARY | ARRUPE LIBRARY | Main Collection | 03/02/2020 | K3830 .S39 1999 | 46600006600 | 03/02/2020 | 03/02/2020 | Monograph ( Printed materials) |